<?xml version="1.0" encoding="UTF-8"?>
<record
    xmlns:xsi="http://www.w3.org/2001/XMLSchema-instance"
    xsi:schemaLocation="http://www.loc.gov/MARC21/slim http://www.loc.gov/standards/marcxml/schema/MARC21slim.xsd"
    xmlns="http://www.loc.gov/MARC21/slim">

  <leader>00938nam a22001697a 4500</leader>
  <controlfield tag="005">20220623211420.0</controlfield>
  <controlfield tag="008">220623b        |||||||| |||| 00| 0 eng d</controlfield>
  <datafield tag="040" ind1=" " ind2=" ">
    <subfield code="c">Biblioteca Lado V</subfield>
  </datafield>
  <datafield tag="082" ind1=" " ind2=" ">
    <subfield code="a">709.6</subfield>
    <subfield code="b">R261a</subfield>
  </datafield>
  <datafield tag="100" ind1=" " ind2=" ">
    <subfield code="a">RAW Acad&#xE9;mie</subfield>
  </datafield>
  <datafield tag="245" ind1=" " ind2=" ">
    <subfield code="a">Angazi, but I&#xB4;m Sure</subfield>
  </datafield>
  <datafield tag="260" ind1=" " ind2=" ">
    <subfield code="a">Dakar</subfield>
    <subfield code="b">RAW Acad&#xE9;mie</subfield>
    <subfield code="c">2017</subfield>
  </datafield>
  <datafield tag="300" ind1=" " ind2=" ">
    <subfield code="a">110 p.</subfield>
    <subfield code="b">il. (col)</subfield>
    <subfield code="c">21 x 15 cm</subfield>
  </datafield>
  <datafield tag="505" ind1=" " ind2=" ">
    <subfield code="t">Chimurenga</subfield>
    <subfield code="t">Angazi, mai j`en suis s&#xFB;r / Angazi, but I`m sure</subfield>
    <subfield code="t">Jihan El-Tahri</subfield>
    <subfield code="t">Jean-Pierre Bekolo</subfield>
    <subfield code="t">Yemisi Aribisala</subfield>
    <subfield code="t">Philippe Rekacewicz</subfield>
    <subfield code="t">Kodwo Eshun</subfield>
    <subfield code="t">Neo Muyanga</subfield>
    <subfield code="t">Victor Gama</subfield>
    <subfield code="t">Ibou Fall</subfield>
    <subfield code="t">Lionel Manga</subfield>
    <subfield code="t">Felwine Sarr</subfield>
    <subfield code="t">Dominique Malaquiais</subfield>
    <subfield code="t">Clapperton C. Mavhunga</subfield>
    <subfield code="t">Zineb Benjelloun</subfield>
    <subfield code="t">Rehema Chachage</subfield>
    <subfield code="t">Mbali Dhlamini</subfield>
    <subfield code="t">Mamadou Diallo</subfield>
    <subfield code="t">Devin Hentz</subfield>
    <subfield code="t">Adiva Lawrence</subfield>
    <subfield code="t">Saleh L&#xF4;</subfield>
    <subfield code="t">Frida Robles Ponce</subfield>
    <subfield code="t">Maya Varichon El Zanaty</subfield>
    <subfield code="t">Samuel Wagen-Magnon</subfield>
    <subfield code="t">&#xC9;quipe / Team</subfield>
  </datafield>
  <datafield tag="650" ind1=" " ind2=" ">
    <subfield code="x">arte contempor&#xE1;neo</subfield>
    <subfield code="x">arte - &#xC1;frica</subfield>
    <subfield code="x">Arte- Senegal</subfield>
    <subfield code="x">arte - cultura popular</subfield>
  </datafield>
  <datafield tag="942" ind1=" " ind2=" ">
    <subfield code="2">ddc</subfield>
    <subfield code="c">1</subfield>
    <subfield code="n">0</subfield>
  </datafield>
  <datafield tag="999" ind1=" " ind2=" ">
    <subfield code="c">1909</subfield>
    <subfield code="d">1909</subfield>
  </datafield>
  <datafield tag="952" ind1=" " ind2=" ">
    <subfield code="0">0</subfield>
    <subfield code="1">0</subfield>
    <subfield code="2">ddc</subfield>
    <subfield code="4">0</subfield>
    <subfield code="7">0</subfield>
    <subfield code="a">LV</subfield>
    <subfield code="b">LV</subfield>
    <subfield code="d">2022-06-23</subfield>
    <subfield code="l">0</subfield>
    <subfield code="o">709.6</subfield>
    <subfield code="p">R261a</subfield>
    <subfield code="r">2022-06-23 00:00:00</subfield>
    <subfield code="w">2022-06-23</subfield>
    <subfield code="y">1</subfield>
  </datafield>
</record>
